000 00677nam a2200241Ia 4500
003 OSt
005 20220925224358.0
006 a|||||r|||| 00| 0
007 ta
008 220923b |||||||| |||| 00| 0 eng d
020 _a0710202709
037 _cGeneral Book
040 _aRTL
_cRTL
_beng
041 _2eng
_aeng
082 _aR3M3, M4
100 _aGrossmann Reinhardt
_978829
245 0 _aPhenomenology and existentialism
_b An introduction
260 _aLondon
_bRoutledge & Kegan Paul
_c1984
300 _aix, 278p
_ccm.
650 _aMetaphysics
_913358
942 _hR3M3, M4
_cGB
_2CC
999 _c581358
_d581358